Daily Country Riddle #19 - Statistics

General Stats
  • This quiz has been taken 523 times
  • The average score is 9 of 11
Answer Stats
Type Answer % Correct
Found Letter I
97%
Found Letter L
94%
Found Letter E
92%
Correctly Placed Letter L
86%
Found Letter H
82%
Correctly Placed Letter I
81%
Correctly Placed Letter H
78%
Correctly Placed Letter C
77%
Found Letter C
77%
Mystery Country Chile
76%
Correctly Placed Letter E
76%
No matching quizzes found
Score Distribution
Percent of People with Each Score
Percentile by Number Answered
Your Score History
You have not taken this quiz